| 000 | 00465nam a2200181Ia 4500 | ||
|---|---|---|---|
| 005 | 20240823050942.0 | ||
| 008 | 240823s9999||||xx |||||||||||||| ||und|| | ||
| 041 | _aENGLISH | ||
| 082 | _A658.848 P5 | ||
| 100 | _aFrancis Cherunilam | ||
| 245 | 0 | _aInternational Business Environment | |
| 250 | _a1st | ||
| 260 |
_c2005 _b"Himalaya Publishing House, M" |
||
| 500 | _aYES | ||
| 650 |
_aBusiness Environment _bManagement Studies |
||
| 942 | _cBK | ||
| 999 |
_c218437 _d218437 |
||